书目信息 |
| 题名: |
超级画板与数学新课程
|
|
| 作者: | 王鹏远 , 马复 编著 | |
| 分册: | ||
| 出版信息: | 北京 科学出版社 2005 |
|
| 页数: | 335页 | |
| 开本: | 26cm | |
| 丛书名: | ||
| 单 册: | ||
| 中图分类: | G633.603 | |
| 科图分类: | ||
| 主题词: | 数学--计算机辅助教学--软件工具--中学--教学参考资料 , 数学 , 软件工具 , 计算机辅助教学 | |
| 电子资源: | ||
| ISBN: | 7-03-016275-7 | |
| 000 | 01164nam0 2200289 450 | |
| 001 | 003000741 | |
| 005 | 20061122090028.10 | |
| 010 | @a7-03-016275-7@dCNY39.00 | |
| 100 | @a20040727d2005 em y0chiy0110 ea | |
| 101 | 0 | @achi |
| 102 | @aCN@b110000 | |
| 105 | @ay z 000yy | |
| 200 | 1 | @a超级画板与数学新课程@9chao ji hua ban yu shu xue xin ke cheng@dApplying super sketchpad to national mathematics curriculum reform@f王鹏远,马复等编著@zeng |
| 210 | @a北京@c科学出版社@d2005 | |
| 215 | @a335页@c图@d26cm@e1光盘 | |
| 307 | @a附光盘:ISBN 7-900185-41-0 | |
| 330 | @a本书分为思考篇和实践篇。思考篇从多角度讨论了如何从数学学科特点与数学教学改革的需求出发把信息技术融入数学教学的理念途径;实践篇是对从教学实践中产生的优秀课件与教学案例的介绍与点评。 | |
| 510 | 1 | @aApplying Super Sketchpad to National Mathematics Curriculum Reform@zeng |
| 606 | 0 | @a数学@x计算机辅助教学@x软件工具@x中学@j教学参考资料 |
| 606 | 0 | @a数学 |
| 606 | 0 | @a软件工具 |
| 606 | 0 | @a计算机辅助教学 |
| 690 | @aG633.603@v4 | |
| 701 | 0 | @a王鹏远@9wang peng yuan@c(数学)@4编著 |
| 701 | 0 | @a马复@9ma fu@f(1961~)@4编著 |
| 801 | 0 | @aCN@bNLC@c20061122 |
| 905 | @a10447@dG633.603@e587 | |
| 超级画板与数学新课程=Applying super sketchpad to national mathematics curriculum reform/王鹏远,马复等编著.-北京:科学出版社,2005 |
| 335页:图;26cm+1光盘 |
| ISBN 7-03-016275-7:CNY39.00 |
| 本书分为思考篇和实践篇。思考篇从多角度讨论了如何从数学学科特点与数学教学改革的需求出发把信息技术融入数学教学的理念途径;实践篇是对从教学实践中产生的优秀课件与教学案例的介绍与点评。 |
| ● |
| 相关链接 |
|
|
|
|
正题名:超级画板与数学新课程
索取号:G633.603/587
 
预约/预借
| 序号 | 登录号 | 条形码 | 馆藏地/架位号 | 状态 | 备注 |
| 1 | 0394239 | 203942396 | 第一样本阅览室/ [索取号:G633.603/587] | 在馆 | |
| 2 | 0394240 | 203942403 | 第四借阅区/ [索取号:G633.603/587] | 在馆 | |
| 3 | 0394241 | 203942412 | 第四借阅区/ [索取号:G633.603/587] | 在馆 |